| 000 | 00317nam a22001217a 4500 | ||
|---|---|---|---|
| 020 | _a0-8247-2266-3 | ||
| 082 | _a004.03 ENC'B | ||
| 100 |
_aBELZER JACK _974811 |
||
| 245 | _aENCYLOPEDIA OF COMPUTER SCIENCE AND TECHNOLOGY VOLUME - 6 INDEX | ||
| 260 |
_aNEWYORK _bMARCELL DEKKER _c1981 |
||
| 300 | _a192P | ||
| 942 | _cBK | ||
| 999 |
_c580309 _d580309 |
||